Language by IKEA Sign Quiz Stats

 Plays Quiz Updated Aug 6, 2019

Score 0/16 Timer 03:00
2 Plays Today
Hint Answer % Correct
Chinese
97.3%
French
95.9%
Spanish
95.8%
English
95.2%
German
93%
Russian
92.6%
Arabic
87.2%
Italian
86.2%
Hint Answer % Correct
Portuguese
82.1%
Greek
79.2%
Finnish
75.2%
Hebrew
55.5%
Turkish
55%
Romanian
45.1%
Telugu
41%
Hungarian
41%

You're not logged in!

Compare scores with friends on all Sporcle quizzes.
OR
Log In

Sporcle TV

Today on Sporcle TV


Watch our educational content, quiz creation guides, and fun videos on Sporcle TV.

Show Comments

Extras

Top Quizzes Today


Score Distribution

Your Account Isn't Verified!

In order to create a playlist on Sporcle, you need to verify the email address you used during registration. Go to your Sporcle Settings to finish the process.

Report this User

Report this user for behavior that violates our Community Guidelines.

Details: